[Event "Reunion op 20th"]
[Site "St Denis"]
[Date "2018.10.15"]
[Round "3"]
[White "Bosi Lagarde, Arthur"]
[Black "Rajaobelina, Hery"]
[Result "0-1"]
[WhiteElo "1110"]
[BlackElo "1646"]
[PlyCount "46"]
[EventDate "2018.10.14"]
[EventType "swiss"]
[EventRounds "9"]
[EventCountry "RUF"]
[SourceTitle "CBM 187 Extra"]
[Source "ChessBase"]
[SourceDate "2018.11.04"]
[SourceVersion "1"]
[SourceVersionDate "2018.11.04"]
[SourceQuality "1"]

1. e4 c5 2. Nc3 e6 3. Nf3 d6 4. d3 Nf6 5. Be3 Be7 6. Be2 a6 7. 0-0 0-0 8. d4 cxd4 9. Qxd4 Nc6 10. Qb6 Qd7 11. Qb3 b5 12. Nd1 Nxe4 13. Qd3 d5 14. b3 Qc7 15. c4 Nb4 16. Qd4 Bf6 17. Qb6 Qxb6 18. Bxb6 Bxa1 19. Bd4 Bxd4 20. Nxd4 Nd2 21. Re1 dxc4 22. bxc4 bxc4 23. Nf3 Nc2 0-1